000 01450nam a2200241Ia 4500
003 Ost
005 20260507075250.0
008 260507s9999||||xx |||||||||||||| ||und||
020 _a68421199579
040 _cfsecg
041 _aara
082 _a330
100 _aعريقات، حربي محمد
_eمؤلف
245 0 _aادارة المصارف الاسلامية :
_bمدخل حديث /
_c حربي محمد عريقات
260 _aعمان:
_bدار وائل,
_c2010
300 _a363 صفحة؛
_c24 سم
504 _aمراجع ص.331 ؛ ملاحق ص.335
520 _aالنظام الاقتصادي في الإسلام ، الجهاز المصرفي و المصارف الاسلامية ، مفاهيم أساسية في المصارف الاسلامية ، أدوات التمويل الاسلامية المضاربة و المشاركة ، المرابحة و الاجارة ، السلم و الاستصناع و القروض الحسنة ، الخدمات المصرفية الاسلامية و التنظيم الاداري للمصرف الاسلامي و الرقاية على النشاط المصرفي الاسلامي ، ادارة مخاطر المصارف الاسلامية مع وجود أسئلة للمناقشة في نهاية كل فصل .
653 _aالإدارة
653 _aالمصارف الإسلامية
700 _aعقل، سعيد جمعة
_eمؤلف ثانوي
942 _cكتاب
999 _c43685
_d43685